The worship warrior / (Record no. 3129)
[ view plain ]
| 000 -LEADER | |
|---|---|
| fixed length control field | 01208cam a22003134a 4500 |
| 001 - CONTROL NUMBER | |
| control field | 50316251 |
| 003 - CONTROL NUMBER IDENTIFIER | |
| control field | OCoLC |
| 005 - DATE AND TIME OF LATEST TRANSACTION | |
| control field | 20181024183525.0 |
| 008 - FIXED-LENGTH DATA ELEMENTS--GENERAL INFORMATION | |
| fixed length control field | 020730s2002 cau b 001 0 eng |
| 010 ## - LIBRARY OF CONGRESS CONTROL NUMBER | |
| LC control number | 2002012098 |
| 020 ## - INTERNATIONAL STANDARD BOOK NUMBER | |
| International Standard Book Number | 0830730567 |
| 020 ## - INTERNATIONAL STANDARD BOOK NUMBER | |
| International Standard Book Number | 9780830730568 |
| 035 ## - SYSTEM CONTROL NUMBER | |
| System control number | (OCoLC)50316251 |
| 040 ## - CATALOGING SOURCE | |
| Original cataloging agency | DLC |
| Transcribing agency | DLC |
| Modifying agency | BAKER |
| -- | BTCTA |
| -- | OCLCG |
| -- | ATH |
| 042 ## - AUTHENTICATION CODE | |
| Authentication code | pcc |
| 050 00 - LIBRARY OF CONGRESS CALL NUMBER | |
| Classification number | BV4817 |
| Item number | .P54 2002 |
| 050 00 - LIBRARY OF CONGRESS CALL NUMBER | |
| Classification number | BV4817 |
| Item number | .P54 2002 |
| 082 ## - DEWEY DECIMAL CLASSIFICATION NUMBER | |
| Classification number | 243 |
| Item number | P615W |
| 100 1# - MAIN ENTRY--PERSONAL NAME | |
| Personal name | Pierce, Chuck D., |
| Dates associated with a name | 1953- |
| 245 14 - TITLE STATEMENT | |
| Title | The worship warrior / |
| Statement of responsibility, etc. | Chuck D. Pierce with John Dickson. |
| 260 ## - PUBLICATION, DISTRIBUTION, ETC. | |
| Place of publication, distribution, etc. | Ventura, Calif. : |
| Name of publisher, distributor, etc. | Regal Books, |
| Date of publication, distribution, etc. | [c2002] |
| 300 ## - PHYSICAL DESCRIPTION | |
| Extent | 288 p. ; |
| Dimensions | 22 cm. |
| 504 ## - BIBLIOGRAPHY, ETC. NOTE | |
| Bibliography, etc. note | Includes bibliographical references and index. |
| 505 0# - FORMATTED CONTENTS NOTE | |
| Formatted contents note | Introduction: What does worship have to do with war? -- A new thing -- Going where God is -- Let us go so that we may worship -- Jesus ascended -- Portals of glory -- The faith to ascend -- The Host of heaven, Judah, and the lion -- The sound of heaven -- Clothed for war -- Out of the vineyard and into the harvest. |
| 650 #0 - SUBJECT ADDED ENTRY--TOPICAL TERM | |
| Topical term or geographic name entry element | God (Christianity) |
| General subdivision | Worship and love. |
| 650 #0 - SUBJECT ADDED ENTRY--TOPICAL TERM | |
| Topical term or geographic name entry element | Spiritual warfare. |
| 700 1# - ADDED ENTRY--PERSONAL NAME | |
| Personal name | Dickson, John, |
| Dates associated with a name | 1951- |
| 942 ## - ADDED ENTRY ELEMENTS (KOHA) | |
| Source of classification or shelving scheme | Dewey Decimal Classification |
| Koha item type | Books |
| Withdrawn status | Lost status | Source of classification or shelving scheme | Damaged status | Not for loan | Collection code | Home library | Current library | Shelving location | Date acquired | Cost, normal purchase price | Total Checkouts | Full call number | Barcode | Date last seen | Price effective from | Koha item type |
|---|---|---|---|---|---|---|---|---|---|---|---|---|---|---|---|---|
| Dewey Decimal Classification | Non-fiction | Harvest Mission College | Harvest Mission College | General Stacks | 24.10.2018 | 260.00 | 243 P615W | 001802 | 24.10.2018 | 24.10.2018 | Books |
